000 00379nam a2200145Ia 4500
008 231217s9999 xx 000 0 und d
041 _aEnglish
082 _a001.6424PAS MAT
100 _aMathur, Aditya P. Arora, Kulbir S. Reddy, N. Uday S.
245 0 _aIntroduction to Pascal
260 _c1983
_bT M H, New Delhi
300 _axv+320
650 _aPascal
942 _cAA
999 _c160733
_d160733